Countries without A - Statistics

General Stats
  • This quiz has been taken 50 times
    15 since last reset
  • The average score is 20 of 30
Answer Stats
Country % Correct
Chile
86%
Comoros
79%
Mexico
79%
Peru
79%
Seychelles
79%
Togo
79%
Turkey
79%
Belgium
71%
Belize
71%
Cyprus
71%
Fiji
71%
Greece
71%
Kosovo
71%
Philippines
71%
Sweden
71%
Benin
64%
Djibouti
64%
Egypt
64%
Lesotho
64%
Liechtenstein
64%
Niger
64%
United Kingdom
64%
Brunei
57%
Burundi
57%
Czech Republic
57%
Luxembourg
57%
Montenegro
50%
Yemen
50%
Morocco
43%
Republic of the Congo
43%
No matching quizzes found
Score Distribution
Percent of People with Each Score
Percentile by Number Answered
Your Score History
You have not taken this quiz since the last reset